Využívanie informačných technológií v cestovných kanceláriách

Vybavenosť a využívanie aplikácií informačných technológií v cestovných kanceláriách. Využívanie internetu v praxi. Využívanie informačných technológií v slovenských a poľských cestovných kanceláriách.

Gespeichert in:
Bibliographische Detailangaben
1. Verfasser: Laco, Peter
Weitere Verfasser: Šulajová, Žaneta
Format: Buchkapitel
Sprache:Slowakisch
Schlagworte:
Tags: Tag hinzufügen
Keine Tags, Fügen Sie das erste Tag hinzu!

MARC

LEADER 00000naa a2200000 4500
001 r045289
005 20230724111246.9
041 0 |a slo 
044 |a SK 
245 1 0 |a Využívanie informačných technológií v cestovných kanceláriách  |c Peter Laco, Žaneta Šulajová 
520 |a Vybavenosť a využívanie aplikácií informačných technológií v cestovných kanceláriách. Využívanie internetu v praxi. Využívanie informačných technológií v slovenských a poľských cestovných kanceláriách. 
610 2 0 |a kancelárie cestovné 
610 2 0 |a technológie informačné 
610 2 0 |a internet 
610 2 0 |a modemy 
610 2 0 |a služby 
610 2 0 |a klienti 
610 2 0 |a Slovensko 
610 2 0 |a Poľsko 
100 1 |a Laco, Peter 
700 1 |a Šulajová, Žaneta